[Event "Hamburg Harburg - ch 14th A"]
[Site "Hamburg"]
[Date "2019.07.26"]
[Round "1.3"]
[White "Abdurrahman, Emhmed"]
[Black "Atri, Jamshid"]
[Result "0-1"]
[WhiteElo "1901"]
[BlackElo "1919"]
[PlyCount "110"]
[EventDate "2019.07.26"]
[EventType "tourn"]
[EventRounds "5"]
[EventCountry "GER"]
[WhiteTeam "SK Altona v.1873/Finkenw"]
[BlackTeam "Hamburger SK von 1830 eV"]

1. d4 Nf6 2. c4 e6 3. Nf3 d5 4. e3 c6 5. Nc3 Nbd7 6. Bd3 dxc4 7. Bxc4 b5 8. Bd3
a6 9. O-O c5 10. dxc5 Nxc5 11. Bc2 Bb7 12. b3 Qb6 13. Bb2 Be7 14. Qe2 O-O 15.
b4 Nce4 16. Nxe4 Nxe4 17. Bd4 Qd8 18. Rfd1 Qe8 19. a3 Rc8 20. Rac1 Bd5 21. Bd3
f6 22. Nd2 Nxd2 23. Qxd2 Qd7 24. Bb2 Qb7 25. f3 Rfd8 26. Rxc8 Rxc8 27. Rc1
Rxc1+ 28. Qxc1 f5 29. Be5 Qd7 30. Qc3 Bf8 31. Qc7 Qxc7 32. Bxc7 g6 33. Be5 Bg7
34. Bxg7 Kxg7 35. Kf2 e5 36. e4 Be6 37. Ke3 f4+ 38. Kd2 g5 39. Kc3 h5 40. a4
Bd7 41. a5 Kf6 42. Kd2 g4 43. Ke2 Kg5 44. Kf2 h4 45. Be2 g3+ 46. Kg1 h3 47. Bf1
Kh4 48. gxh3 Be6 49. Be2 Bc4 50. hxg3+ Kxh3 51. Bd1 fxg3 52. f4 exf4 53. Bf3 g2
54. Bxg2+ Kg3 55. e5 f3 0-1

[Event "Hamburg Harburg - ch 14th A"]
[Site "Hamburg"]
[Date "2019.07.26"]
[Round "1.1"]
[White "Thomas, Jeremy"]
[Black "Ramme, Christoph"]
[Result "0-1"]
[WhiteElo "1717"]
[BlackElo "2154"]
[PlyCount "76"]
[EventDate "2019.07.26"]
[EventType "tourn"]
[EventRounds "5"]
[EventCountry "GER"]
[WhiteTeam "MTV Tostedt"]
[BlackTeam "SK Marmstorf GW Harburg"]

1. e4 e6 2. d4 d5 3. exd5 exd5 4. Nf3 Nf6 5. Bd3 Bd6 6. O-O O-O 7. Bg5 Bg4 8.
Nbd2 Nbd7 9. c3 c6 10. Qc2 Qc7 11. Rfe1 Rfe8 12. b3 Bh5 13. Bh4 Bg6 14. Bg3 Nh5
15. Bxd6 Qxd6 16. Bxg6 hxg6 17. c4 Nf4 18. c5 Qf6 19. Nf1 Nh3+ 20. Kh1 Ng5 21.
Nxg5 Qxg5 22. Qd2 Qh4 23. Rxe8+ Rxe8 24. Re1 Rxe1 25. Qxe1 Qxd4 26. Qe8+ Nf8
27. Qe3 Ne6 28. Qxd4 Nxd4 29. Nd2 Kf8 30. Kg1 Ke7 31. f3 Ne6 32. b4 Nd4 33. a4
Nc2 34. b5 cxb5 35. axb5 Nd4 36. b6 axb6 37. cxb6 Kd6 38. Nf1 Nc2 0-1

[Event "Hamburg Harburg - ch 14th A"]
[Site "Hamburg"]
[Date "2019.07.27"]
[Round "2.3"]
[White "Thomas, Jeremy"]
[Black "Lehmkuhl, Stefan"]
[Result "1/2-1/2"]
[WhiteElo "1717"]
[BlackElo "1871"]
[PlyCount "57"]
[EventDate "2019.07.26"]
[EventType "tourn"]
[EventRounds "5"]
[EventCountry "GER"]
[WhiteTeam "MTV Tostedt"]
[BlackTeam "Breloher SC"]

1. e4 d5 2. exd5 Nf6 3. d4 Qxd5 4. Nc3 Qa5 5. Bd2 c6 6. Nf3 Bf5 7. Ne4 Qc7 8.
Nxf6+ exf6 9. Bc4 Bd6 {(=)} 10. Qe2+ Qe7 11. Qxe7+ Kxe7 12. O-O-O Re8 13. Rde1+
Kf8 14. Rxe8+ Kxe8 15. Re1+ Kf8 16. h3 b5 17. Bb3 Na6 18. Nh4 Bd7 19. g4 Re8
20. Rxe8+ Kxe8 21. Ng2 Nc7 22. Bf4 Bxf4+ 23. Nxf4 Be6 24. Nxe6 fxe6 25. Kd2 Ke7
26. Ke3 a5 27. a4 Kd6 28. axb5 cxb5 29. Kd3 1/2-1/2

[Event "Hamburg Harburg - ch 14th A"]
[Site "Hamburg"]
[Date "2019.07.27"]
[Round "2.1"]
[White "Ramme, Christoph"]
[Black "Atri, Jamshid"]
[Result "1-0"]
[WhiteElo "2154"]
[BlackElo "1919"]
[PlyCount "81"]
[EventDate "2019.07.26"]
[EventType "tourn"]
[EventRounds "5"]
[EventCountry "GER"]
[WhiteTeam "SK Marmstorf GW Harburg"]
[BlackTeam "Hamburger SK von 1830 eV"]

1. d4 Nf6 2. c4 e6 3. g3 d5 4. Nf3 Nbd7 5. Bg2 dxc4 6. O-O Rb8 7. Re1 b5 8. e4
Be7 9. Nc3 O-O 10. Bg5 a6 11. Qc2 Bb7 12. Rad1 Qe8 13. h4 Nb6 14. a3 Rd8 15.
Bxf6 Bxf6 16. e5 Be7 17. Ng5 Bxg5 18. hxg5 Bd5 19. Be4 g6 20. Kg2 Qe7 21. Qc1
c5 22. Bxd5 exd5 23. Qe3 b4 24. Ne2 Na4 25. axb4 cxb4 26. b3 Nb2 27. Ra1 Qe6
28. Reb1 Nd3 29. Rh1 Ra8 30. Rh6 Qf5 31. Rah1 Rfe8 32. Rxh7 Kf8 33. Nc1 Nxc1
34. Rxc1 c3 35. Rh4 Ra7 36. Rf4 Qd7 37. Rf6 Re6 38. Rh1 Qc6 39. Qf4 Rxf6 40.
exf6 Ke8 41. Qb8+ 1-0

[Event "Hamburg Harburg - ch 14th A"]
[Site "Hamburg"]
[Date "2019.07.27"]
[Round "3.1"]
[White "Lehmkuhl, Stefan"]
[Black "Ramme, Christoph"]
[Result "1/2-1/2"]
[WhiteElo "1871"]
[BlackElo "2154"]
[PlyCount "53"]
[EventDate "2019.07.26"]
[EventType "tourn"]
[EventRounds "5"]
[EventCountry "GER"]
[WhiteTeam "Breloher SC"]
[BlackTeam "SK Marmstorf GW Harburg"]

1. c4 Nf6 2. Nf3 e6 3. d3 d5 4. g3 c5 5. Bg2 Nc6 6. b3 Bd6 7. O-O O-O 8. Bd2 d4
9. Na3 e5 10. Nc2 Re8 11. a3 a5 12. Rb1 e4 13. Ng5 exd3 14. exd3 Bg4 15. f3 Bf5
16. Ne4 Be7 17. b4 axb4 18. axb4 Bxe4 19. fxe4 Nd7 20. Rf5 Nce5 21. Bf4 Bd6 22.
bxc5 Nxc5 23. Bxe5 Bxe5 24. Nb4 Ra3 25. Bf1 g6 26. Rf2 Qg5 27. Qf3 1/2-1/2

[Event "Hamburg Harburg - ch 14th A"]
[Site "Hamburg"]
[Date "2019.07.27"]
[Round "3.2"]
[White "Abdurrahman, Emhmed"]
[Black "Thomas, Jeremy"]
[Result "1-0"]
[WhiteElo "1901"]
[BlackElo "1717"]
[PlyCount "97"]
[EventDate "2019.07.26"]
[EventType "tourn"]
[EventRounds "5"]
[EventCountry "GER"]
[WhiteTeam "SK Altona v.1873/Finkenw"]
[BlackTeam "MTV Tostedt"]

1. d4 Nf6 2. c4 g6 3. Nc3 Bg7 4. e4 d6 5. Nf3 O-O 6. Be2 e5 7. dxe5 dxe5 8. O-O
Qe7 9. Bg5 c6 10. Qc2 b6 11. Rad1 Bb7 12. Rd2 Na6 13. Rfd1 Qc7 14. Rd6 Nd5 15.
exd5 Qxd6 16. Ne4 Qd7 17. Nf6+ Bxf6 18. Bxf6 Qf5 19. Qxf5 gxf5 20. Nxe5 cxd5
21. Rd3 f4 22. Rf3 d4 23. Rxf4 Rfd8 24. Be7 f5 25. Rxf5 Be4 26. Rg5+ Bg6 27.
Bxd8 Rxd8 28. Bd3 Nc5 29. Nxg6 hxg6 30. Rxg6+ Kf7 31. Rg3 Na4 32. b3 Nc3 33. a3
Rd6 34. Kf1 a6 35. h4 b5 36. cxb5 axb5 37. Rg5 Ra6 38. a4 Rh6 39. axb5 Rxh4 40.
Kg1 Rh8 41. Rg4 Rd8 42. b6 Na2 43. Bc4+ Kf6 44. b7 Ke5 45. Rg5+ Ke4 46. f3+ Ke3
47. Re5+ Kf4 48. Re4+ Kf5 49. Rxd4 1-0

[Event "Hamburg Harburg - ch 14th A"]
[Site "Hamburg"]
[Date "2019.07.28"]
[Round "4.3"]
[White "Lehmkuhl, Stefan"]
[Black "Abdurrahman, Emhmed"]
[Result "0-1"]
[WhiteElo "1871"]
[BlackElo "1901"]
[PlyCount "71"]
[EventDate "2019.07.26"]
[EventType "tourn"]
[EventRounds "5"]
[EventCountry "GER"]
[WhiteTeam "Breloher SC"]
[BlackTeam "SK Altona v.1873/Finkenw"]

1. d4 d5 2. e3 Nf6 3. f4 Bg4 4. Be2 Bxe2 5. Qxe2 c6 6. Nf3 Nbd7 7. O-O Ne4 8.
Nbd2 Ndf6 9. Nxe4 Nxe4 10. Ne5 e6 11. c3 Be7 12. Bd2 O-O 13. Rad1 f6 14. Nf3 f5
15. Be1 Bf6 16. Nd2 Nxd2 17. Qxd2 Qe7 18. Qe2 c5 19. Kh1 c4 20. Rg1 g6 21. g4
b5 22. Rg2 Qd7 23. Bd2 Be7 24. Rdg1 Kf7 25. h4 Rg8 26. Rh2 Rg7 27. h5 gxh5 28.
Rxh5 fxg4 29. Rxg4 Rag8 30. Rxg7+ Rxg7 31. Qh2 Kg8 32. Qh3 Bf6 33. Be1 Qf7 34.
Bf2 Rg6 35. f5 Rg5 36. fxe6 $4 0-1

[Event "Hamburg Harburg - ch 14th A"]
[Site "Hamburg"]
[Date "2019.07.28"]
[Round "4.2"]
[White "Thomas, Jeremy"]
[Black "Atri, Jamshid"]
[Result "1/2-1/2"]
[WhiteElo "1717"]
[BlackElo "1919"]
[PlyCount "90"]
[EventDate "2019.07.26"]
[EventType "tourn"]
[EventRounds "5"]
[EventCountry "GER"]
[WhiteTeam "MTV Tostedt"]
[BlackTeam "Hamburger SK von 1830 eV"]

1. e4 e5 2. Nf3 Nc6 3. Bc4 Nf6 4. d3 Be7 5. O-O O-O 6. Re1 d6 7. a4 Na5 8. Ba2
c5 9. c3 Nc6 10. Nbd2 h6 11. Nc4 Re8 12. Ne3 Bf8 13. Bd2 Rb8 14. b4 cxb4 15.
cxb4 Be6 16. b5 Bxa2 17. Rxa2 Ne7 18. Qb3 Qd7 19. Rc2 Rbc8 20. Rec1 Rxc2 21.
Rxc2 Rc8 22. Bb4 Rxc2 23. Qxc2 Ng6 24. g3 d5 25. Bxf8 Kxf8 26. Nxd5 Nxd5 27.
exd5 Qxd5 28. Kg2 Kg8 29. Qc4 Qd7 30. Qc5 Qxd3 31. Nxe5 Qe4+ 32. Nf3 Qxa4 33.
Qc8+ Kh7 34. Qxb7 f6 35. Qa6 Qg4 36. Qd6 {(=)} Qe4 37. Qd4 Qb7 38. Qd3 h5 39.
Kg1 Kh6 40. Qe3+ Kh7 41. Qd3 Qe7 42. Nh4 Qe8 43. Kf1 Kh6 44. Nf5+ Kh7 45. Nh4
Kh6 1/2-1/2

[Event "Hamburg Harburg - ch 14th A"]
[Site "Hamburg"]
[Date "2019.07.28"]
[Round "5.2"]
[White "Atri, Jamshid"]
[Black "Lehmkuhl, Stefan"]
[Result "1/2-1/2"]
[WhiteElo "1919"]
[BlackElo "1871"]
[PlyCount "56"]
[EventDate "2019.07.26"]
[EventType "tourn"]
[EventRounds "5"]
[EventCountry "GER"]
[WhiteTeam "Hamburger SK von 1830 eV"]
[BlackTeam "Breloher SC"]

1. e4 d5 2. exd5 Nf6 3. Bb5+ Nbd7 4. c4 a6 5. Ba4 b5 6. cxb5 Nxd5 7. bxa6 Rxa6
8. d4 Re6+ 9. Ne2 Ba6 10. Be3 Nxe3 11. fxe3 Rxe3 12. Nbc3 e6 13. O-O Bd6 14.
Qe1 O-O 15. Qf2 Rd3 16. Rac1 Nf6 17. h3 Rxc3 18. bxc3 Ne4 19. Qe3 Bxe2 20. Qxe2
Ng3 21. Qf3 Nxf1 22. Rxf1 c5 23. Rd1 cxd4 24. cxd4 Bb8 25. g3 Qd6 26. Kg2 Qb4
27. Qb3 Qe7 28. Bc6 h5 {unklar} 1/2-1/2

[Event "Hamburg Harburg - ch 14th A"]
[Site "Hamburg"]
[Date "2019.07.28"]
[Round "5.1"]
[White "Abdurrahman, Emhmed"]
[Black "Ramme, Christoph"]
[Result "1/2-1/2"]
[WhiteElo "1901"]
[BlackElo "2154"]
[PlyCount "39"]
[EventDate "2019.07.26"]
[EventType "tourn"]
[EventRounds "5"]
[EventCountry "GER"]
[WhiteTeam "SK Altona v.1873/Finkenw"]
[BlackTeam "SK Marmstorf GW Harburg"]

1. d4 Nf6 2. c4 e6 3. e3 d5 4. Nc3 Be7 5. Nf3 O-O 6. Bd3 a6 7. b3 b6 8. O-O Bb7
9. cxd5 exd5 10. Qc2 Nbd7 11. Ne5 c5 12. Nxd7 Qxd7 13. dxc5 bxc5 14. Bb2 d4 15.
Ne4 Bxe4 16. Bxe4 Nxe4 17. Qxe4 Rfe8 18. Qd3 Bf6 19. Rad1 Red8 20. exd4 1/2-1/2

[Event "Hamburg Harburg - ch 14th B"]
[Site "Hamburg"]
[Date "2019.07.26"]
[Round "1.3"]
[White "Lu, Siyuan"]
[Black "Tscherepanov, Leon"]
[Result "1/2-1/2"]
[WhiteElo "1711"]
[BlackElo "1722"]
[PlyCount "159"]
[EventDate "2019.07.26"]
[EventType "tourn"]
[EventRounds "5"]
[EventCountry "GER"]
[WhiteTeam "SC Schwarz-Weiß Harburg"]
[BlackTeam "Hamburger SK von 1830 eV"]

1. e4 e6 2. d4 d5 3. Nc3 Nf6 4. Bg5 Bb4 5. e5 h6 6. exf6 hxg5 7. fxg7 Rg8 8. h4
gxh4 9. Qg4 Qf6 10. Rxh4 Qxg7 11. Qxg7 Rxg7 12. Rh8+ Bf8 13. Nb5 Na6 14. Nf3 f6
15. g3 Bd7 16. Kd2 O-O-O 17. Rh1 c6 18. Nc3 Nc7 19. Re1 Bd6 20. Rh6 Rf8 21. Bh3
Re7 22. Nh4 Rg7 23. Ne2 c5 24. Ng6 Rfg8 25. Ngf4 cxd4 26. Rxf6 Bb4+ 27. c3
dxc3+ 28. bxc3 Be7 29. Rh6 Bg5 30. Rh5 e5 31. Rxg5 Rxg5 32. Bxd7+ Kxd7 33. Nd3
Ne6 34. Nec1 Kd6 35. Nb3 b6 36. Rh1 R8g7 37. Nb4 Rf5 38. Ke2 Rgf7 39. Rf1 Ng5
40. Nd2 Nh3 41. f3 Ng5 42. Nc2 Ne6 43. Rh1 Rc7 44. Ne3 Rff7 45. c4 Rh7 46. Rxh7
Rxh7 47. Nxd5 {(=)} Rh2+ 48. Ke3 Nc5 49. a3 b5 50. Nc3 bxc4 51. Nxc4+ Ke6 52.
Ne4 Nxe4 53. Kxe4 Rc2 54. Kd3 Rg2 55. g4 Rg1 56. Ne3 Ra1 57. Nc2 Rf1 58. Ke2
Rh1 59. Kd3 {(=)} Kf6 60. Ke4 Rc1 61. Ne3 Ra1 62. Nc2 Rc1 63. Ne3 Ke6 64. Kd3
Kf6 65. Ke4 Kg5 66. Kxe5 Rc3 67. f4+ Kg6 68. f5+ Kf7 69. Nd5 Rxa3 70. g5 Ra1
71. Kd4 Rd1+ 72. Ke5 Re1+ 73. Kd6 a5 74. Kc5 Re5 75. g6+ Kf8 76. f6 a4 77. Kc4
a3 78. Nc3 Ra5 79. Na2 Ra6 80. Kb3 1/2-1/2

[Event "Hamburg Harburg - ch 14th B"]
[Site "Hamburg"]
[Date "2019.07.26"]
[Round "1.1"]
[White "Bildat, Emilia"]
[Black "Schroeder, Kai Uwe"]
[Result "1/2-1/2"]
[WhiteElo "1670"]
[BlackElo "1833"]
[PlyCount "38"]
[EventDate "2019.07.26"]
[EventType "tourn"]
[EventRounds "5"]
[EventCountry "GER"]
[WhiteTeam "SC Turm Lüneburg e.V."]
[BlackTeam "SK Wilhelmsburg 1936 eV"]

1. c4 e6 2. g3 d5 3. Bg2 c6 4. Nf3 Nf6 5. O-O Be7 6. d4 O-O 7. c5 Nbd7 8. b4
Ne4 9. Qd3 Bf6 10. Nbd2 Nxd2 11. Bxd2 e5 12. dxe5 Nxe5 13. Nxe5 Bxe5 14. Rab1
Qf6 15. e4 dxe4 16. Bxe4 Rd8 17. Qc2 Bh3 18. Rfe1 Bd4 19. Be3 Bxe3 1/2-1/2

[Event "Hamburg Harburg - ch 14th B"]
[Site "Hamburg"]
[Date "2019.07.26"]
[Round "1.2"]
[White "Bloh, Fabian"]
[Black "Evers, Annika"]
[Result "1/2-1/2"]
[WhiteElo "1695"]
[BlackElo "1797"]
[PlyCount "61"]
[EventDate "2019.07.26"]
[EventType "tourn"]
[EventRounds "5"]
[EventCountry "GER"]
[WhiteTeam "SF Sasel 1947"]
[BlackTeam "Stader SV"]

1. e4 c5 2. Nf3 Nc6 3. d4 cxd4 4. Nxd4 Nf6 5. Nc3 e6 6. a3 Be7 7. Be3 O-O 8. f4
d5 9. e5 Nd7 10. Bd3 Nxd4 11. Bxd4 f6 12. Qh5 f5 13. O-O-O Nc5 14. g4 g6 15.
Qh3 fxg4 16. Qg3 Bh4 17. Qg2 Nxd3+ 18. Rxd3 Rxf4 19. Ne2 Re4 20. Nc3 Rf4 21.
Ne2 Rf5 22. Ng3 Bxg3 23. Rxg3 Bd7 24. Rxg4 Qf8 25. h4 Rf4 26. h5 Rxg4 27. Qxg4
Qf5 28. Qg3 Rc8 29. c3 Qe4 30. Rh4 Qf5 31. hxg6 1/2-1/2

[Event "Hamburg Harburg - ch 14th B"]
[Site "Hamburg"]
[Date "2019.07.27"]
[Round "2.1"]
[White "Schroeder, Kai Uwe"]
[Black "Tscherepanov, Leon"]
[Result "1/2-1/2"]
[WhiteElo "1833"]
[BlackElo "1722"]
[PlyCount "29"]
[EventDate "2019.07.26"]
[EventType "tourn"]
[EventRounds "5"]
[EventCountry "GER"]
[WhiteTeam "SK Wilhelmsburg 1936 eV"]
[BlackTeam "Hamburger SK von 1830 eV"]

1. e4 e6 2. d4 d5 3. exd5 exd5 4. Bd3 Bd6 5. Ne2 Nf6 6. O-O O-O 7. Bf4 Bg4 8.
f3 Be6 9. Qd2 c6 10. Bxd6 Qxd6 11. c3 Re8 12. Na3 Nbd7 13. Qf4 Qxf4 14. Nxf4
Nf8 15. Rfe1 1/2-1/2

[Event "Hamburg Harburg - ch 14th B"]
[Site "Hamburg"]
[Date "2019.07.27"]
[Round "2.2"]
[White "Evers, Annika"]
[Black "Lu, Siyuan"]
[Result "0-1"]
[WhiteElo "1797"]
[BlackElo "1711"]
[PlyCount "110"]
[EventDate "2019.07.26"]
[EventType "tourn"]
[EventRounds "5"]
[EventCountry "GER"]
[WhiteTeam "Stader SV"]
[BlackTeam "SC Schwarz-Weiß Harburg"]

1. d4 d5 2. Nf3 Nc6 3. e3 Nf6 4. b3 Bg4 5. Bb2 e6 6. Nbd2 Bd6 7. Be2 Bf5 8. a3
O-O 9. O-O h6 10. Ne5 Nd7 11. Ndf3 Ncxe5 12. dxe5 Be7 13. Nd4 Bh7 14. f4 c5 15.
Nf3 Nb6 16. Bd3 c4 17. Bxh7+ Kxh7 18. Nd4 Rc8 19. Rf3 Rg8 20. Rh3 g6 21. Qf3
cxb3 22. cxb3 Nd7 23. Rf1 Qe8 24. f5 gxf5 25. Nxf5 exf5 26. Qxf5+ Rg6 27. Rg3
Bg5 28. e6 fxe6 29. Qf7+ Qxf7 30. Rxf7+ Kg8 31. Rxd7 Bxe3+ 32. Rxe3 Rc2 33. Be5
Rgxg2+ 34. Kh1 Rg5 35. Rd8+ Kf7 36. Rf3+ Kg6 37. Rg8+ Kh5 38. Rxg5+ Kxg5 39.
Bf4+ Kg4 40. Rf1 h5 41. Bb8 a6 42. Rg1+ Kf3 43. Rg3+ Ke4 44. Rg6 Kf5 45. Rh6 d4
46. Rxh5+ Kg4 47. Rh8 d3 48. Rg8+ Kf5 49. Rf8+ Ke4 50. Rf1 e5 51. Rd1 Ke3 52.
Bxe5 Ke2 53. Rg1 d2 54. Rg2+ Kf3 55. Rxd2 Rc1+ 0-1

[Event "Hamburg Harburg - ch 14th B"]
[Site "Hamburg"]
[Date "2019.07.27"]
[Round "2.3"]
[White "Bildat, Emilia"]
[Black "Bloh, Fabian"]
[Result "1/2-1/2"]
[WhiteElo "1670"]
[BlackElo "1695"]
[PlyCount "55"]
[EventDate "2019.07.26"]
[EventType "tourn"]
[EventRounds "5"]
[EventCountry "GER"]
[WhiteTeam "SC Turm Lüneburg e.V."]
[BlackTeam "SF Sasel 1947"]

1. c4 e5 2. g3 Nf6 3. Bg2 c6 4. d4 e4 5. c5 d5 6. cxd6 Bxd6 7. Nc3 Bf5 8. Bg5
Bb4 9. e3 Nbd7 10. Nge2 h6 11. Bxf6 Nxf6 12. a3 Bd6 13. Qc2 Qe7 14. O-O O-O 15.
Rfd1 Rac8 16. b4 Rfe8 17. Qb3 a6 18. Rab1 g5 19. d5 c5 20. bxc5 Bxc5 21. Qxb7
Qxb7 22. Rxb7 Bxa3 23. Ra1 Bd6 24. Rxa6 Be5 25. Rc6 Red8 26. Rbb6 Ra8 27. h3
Kg7 28. Ra6 1/2-1/2

[Event "Hamburg Harburg - ch 14th B"]
[Site "Hamburg"]
[Date "2019.07.27"]
[Round "3.3"]
[White "Tscherepanov, Leon"]
[Black "Evers, Annika"]
[Result "1/2-1/2"]
[WhiteElo "1722"]
[BlackElo "1797"]
[PlyCount "67"]
[EventDate "2019.07.26"]
[EventType "tourn"]
[EventRounds "5"]
[EventCountry "GER"]
[WhiteTeam "Hamburger SK von 1830 eV"]
[BlackTeam "Stader SV"]

1. d4 d5 2. c4 c6 3. Nc3 Nf6 4. Nf3 dxc4 5. e3 b5 6. a4 b4 7. Nb1 Ba6 8. Be2 e6
9. Ne5 Be7 10. Bf3 Nd5 11. Be2 Nf6 12. O-O O-O 13. Nxc4 Qd5 14. b3 Bxc4 15.
bxc4 Qd6 16. Bf3 Nbd7 17. c5 Qc7 18. e4 a5 19. e5 {(=)} Nd5 20. Bxd5 exd5 21.
f4 Rfe8 22. Be3 Nf8 23. Nd2 f6 24. Qg4 fxe5 25. fxe5 Qc8 26. Qg3 Rb8 27. Rf3
Ng6 28. Bg5 Bxg5 29. Qxg5 Qa6 30. Raf1 Rf8 31. Rxf8+ Rxf8 32. Rxf8+ Nxf8 33.
Qe3 Ne6 34. Kf2 1/2-1/2

[Event "Hamburg Harburg - ch 14th B"]
[Site "Hamburg"]
[Date "2019.07.27"]
[Round "3.2"]
[White "Lu, Siyuan"]
[Black "Bildat, Emilia"]
[Result "1/2-1/2"]
[WhiteElo "1711"]
[BlackElo "1670"]
[PlyCount "36"]
[EventDate "2019.07.26"]
[EventType "tourn"]
[EventRounds "5"]
[EventCountry "GER"]
[WhiteTeam "SC Schwarz-Weiß Harburg"]
[BlackTeam "SC Turm Lüneburg e.V."]

1. e4 c5 2. Nc3 g6 3. f4 Bg7 4. Nf3 Nc6 5. Bc4 e6 6. O-O Nge7 7. Bb3 O-O 8. d3
d5 9. Qe1 a6 10. a4 Nb4 11. Na2 Nxa2 12. Bxa2 b5 13. Bb1 Bb7 14. c3 Nc6 15. Be3
d4 16. cxd4 Nxd4 17. Nxd4 Bxd4 18. Qf2 Bxe3 1/2-1/2

[Event "Hamburg Harburg - ch 14th B"]
[Site "Hamburg"]
[Date "2019.07.28"]
[Round "4.3"]
[White "Bloh, Fabian"]
[Black "Lu, Siyuan"]
[Result "1-0"]
[WhiteElo "1695"]
[BlackElo "1711"]
[PlyCount "81"]
[EventDate "2019.07.26"]
[EventType "tourn"]
[EventRounds "5"]
[EventCountry "GER"]
[WhiteTeam "SF Sasel 1947"]
[BlackTeam "SC Schwarz-Weiß Harburg"]

{[%evp 0,40,20,15,43,41,41,33,7,2,81,48,23,22,22,20,36,18,24,25,40,48,57,67,76,
63,224,230,246,233,233,226,234,204,213,226,242,191,193,203,202,196,200]} 1. e4
c5 2. Nf3 Nc6 3. d4 cxd4 4. Nxd4 g6 5. c4 Bg7 6. Be3 d6 7. Nc3 Nf6 8. f3 O-O 9.
Be2 a6 10. O-O Qc7 11. Rc1 Nd7 12. b3 Rd8 13. Nd5 Bxd4 14. Nxc7 Bxe3+ 15. Kh1
Bxc1 16. Qxc1 Ra7 17. Nd5 e6 18. Nc3 b6 19. Rd1 Nc5 20. Qb2 e5 21. b4 Ne6 22.
Nd5 Rb7 23. Bf1 Ne7 24. Qa3 Nxd5 25. cxd5 Nc7 26. Rc1 Bd7 27. Rc2 Ra7 28. Qc1
Ne8 29. Qe3 Rb8 30. h4 Kg7 31. h5 f6 32. h6+ Kg8 33. a4 Raa8 34. b5 axb5 35.
Bxb5 Bxb5 36. axb5 Rb7 37. Rc6 Rab8 38. Qc3 Kf7 39. Rc8 Ke7 40. Qc6 f5 41.
Qxe8+ 1-0

[Event "Hamburg Harburg - ch 14th B"]
[Site "Hamburg"]
[Date "2019.07.28"]
[Round "4.1"]
[White "Schroeder, Kai Uwe"]
[Black "Evers, Annika"]
[Result "1-0"]
[WhiteElo "1833"]
[BlackElo "1797"]
[PlyCount "59"]
[EventDate "2019.07.26"]
[EventType "tourn"]
[EventRounds "5"]
[EventCountry "GER"]
[WhiteTeam "SK Wilhelmsburg 1936 eV"]
[BlackTeam "Stader SV"]

1. e4 c5 2. Nf3 Nc6 3. d3 e6 4. g3 g6 5. Bg2 Bg7 6. O-O Nge7 7. c3 d5 8. Nbd2
O-O 9. Nh4 b6 10. f4 f5 11. exf5 exf5 12. Re1 Ba6 13. Ndf3 Rb8 14. Ng5 {(=)}
Bc8 15. Ne6 Bxe6 16. Rxe6 Qd7 17. Qe1 b5 18. Bd2 d4 19. Rc1 Rf6 20. Re2 Rd6 21.
c4 bxc4 22. Rxc4 Rxb2 23. Rxc5 Rxa2 24. Qb1 Ra6 25. Qb5 Rb6 26. Qc4+ Kh8 27.
Qf7 h5 28. Bxc6 Nxc6 29. Nxg6+ Rxg6 30. Qxd7 1-0

[Event "Hamburg Harburg - ch 14th B"]
[Site "Hamburg"]
[Date "2019.07.28"]
[Round "5.2"]
[White "Tscherepanov, Leon"]
[Black "Bloh, Fabian"]
[Result "1/2-1/2"]
[WhiteElo "1722"]
[BlackElo "1695"]
[PlyCount "32"]
[EventDate "2019.07.26"]
[EventType "tourn"]
[EventRounds "5"]
[EventCountry "GER"]
[WhiteTeam "Hamburger SK von 1830 eV"]
[BlackTeam "SF Sasel 1947"]

1. d4 Nf6 2. c4 e6 3. Nc3 d5 4. Nf3 Be7 5. e3 O-O 6. Bd3 b6 7. O-O Bb7 8. b3
Nbd7 9. Nd2 dxc4 10. bxc4 c5 11. d5 exd5 12. cxd5 Nxd5 13. Nxd5 Bxd5 14. Bxh7+
Kxh7 15. Qh5+ Kg8 16. Qxd5 Nf6 1/2-1/2

[Event "Hamburg Harburg - ch 14th C"]
[Site "Hamburg"]
[Date "2019.07.26"]
[Round "1.1"]
[White "Frackowiak, Stanislaw"]
[Black "Quitzau, Lukas"]
[Result "0-1"]
[WhiteElo "1671"]
[BlackElo "1714"]
[PlyCount "40"]
[EventDate "2019.07.26"]
[EventType "tourn"]
[EventRounds "5"]
[EventCountry "GER"]
[WhiteTeam "Hamburger SK von 1830 eV"]
[BlackTeam "Barmbeker SK 1926 eV"]

1. d4 Nf6 2. e3 e6 3. Nf3 c5 4. c3 Nc6 5. Bd3 d5 6. O-O Bd6 7. Nbd2 O-O 8. e4
dxe4 9. Nxe4 Nxe4 10. Bxe4 cxd4 11. Bxh7+ Kh8 12. Ng5 g6 13. Qg4 Kg7 14. Qh4
Qa5 15. Nxe6+ Bxe6 16. Qh6+ Kf6 17. h4 Ke7 18. Bg5+ Kd7 19. Rfe1 Rfe8 20. f4
Bf8 0-1

[Event "Hamburg Harburg - ch 14th C"]
[Site "Hamburg"]
[Date "2019.07.26"]
[Round "1.3"]
[White "Floren, Dieter"]
[Black "Eschweiler, Markus"]
[Result "0-1"]
[WhiteElo "1713"]
[BlackElo "1648"]
[PlyCount "94"]
[EventDate "2019.07.26"]
[EventType "tourn"]
[EventRounds "5"]
[EventCountry "GER"]
[WhiteTeam "Hamburger SK von 1830 eV"]
[BlackTeam "SK Marmstorf GW Harburg"]

1. e4 d5 2. exd5 Qxd5 3. Nc3 Qa5 4. d4 c6 5. Nf3 Bf5 6. Be2 Nf6 7. Bd2 Qb6 8.
Na4 Qc7 9. c4 e6 10. h3 h6 11. a3 Be7 12. Rc1 Nbd7 13. Be3 O-O 14. O-O Rfe8 15.
Qd2 Rad8 16. Nc3 e5 17. d5 Nc5 18. Qd1 cxd5 19. cxd5 Qb8 20. b4 Nce4 21. Bc4
Nxc3 22. Rxc3 Be4 23. Qb3 Nxd5 24. Rcc1 Bxf3 25. gxf3 Qd6 26. Rfe1 Qg6+ 27. Kh2
Nxe3 28. Rxe3 Bg5 29. Rg1 Bf4+ 30. Kh1 Qh5 31. Bf1 Bxe3 32. Qxe3 Rd1 33. Bg2
Red8 34. Rxd1 Rxd1+ 35. Kh2 Qf5 36. f4 Qxf4+ 37. Qxf4 exf4 38. Bxb7 Ra1 39. b5
Rxa3 40. Kg2 g5 41. Bc8 Kf8 42. Bd7 Ke7 43. Bc6 Kd6 44. Be8 f6 45. Bh5 Kc5 46.
Be8 Rb3 47. h4 Rxb5 0-1

[Event "Hamburg Harburg - ch 14th C+"]
[Site "Hamburg"]
[Date "2019.07.26"]
[Round "1.2"]
[White "Wusterack, Paul"]
[Black "Kohlmann, Marco"]
[Result "1/2-1/2"]
[WhiteElo "1539"]
[BlackElo "1947"]
[PlyCount "133"]
[EventDate "2019.07.26"]
[EventType "tourn"]
[EventRounds "5"]
[EventCountry "GER"]
[WhiteTeam "SC Turm Lüneburg e.V."]
[BlackTeam "SK Bremen-Nord"]

1. d4 f5 2. Bf4 Nf6 3. e3 g6 4. Nf3 Bg7 5. c4 O-O 6. Nc3 d6 7. Be2 a5 8. a4 Na6
9. O-O Qe8 10. Qb3 c5 11. Rad1 h6 12. h3 g5 13. Bg3 Rb8 14. Nb5 Ne4 15. Nd2 Qg6
16. Nxe4 fxe4 17. f3 Bf5 18. fxe4 Bxe4 19. Bd3 Rxf1+ 20. Kxf1 Rf8+ 21. Kg1 h5
22. Bxe4 Qxe4 23. Qd3 Qxd3 24. Rxd3 Kf7 25. b3 Ke6 26. d5+ Kd7 27. e4 Nb4 28.
Rf3 Rxf3 29. gxf3 Nd3 30. h4 gxh4 31. Bxh4 Nc1 32. Kf2 Nxb3 33. Ke3 Nc1 34. Kf4
Nd3+ 35. Kf5 Ne5 36. f4 Nxc4 37. Kg6 Bd4 38. Kxh5 Bf6 39. Bxf6 exf6 40. Kg6 Ke7
41. Nc3 Nb6 42. Kf5 Nd7 43. Nb5 c4 44. Kg6 Nc5 45. Nc3 Nxa4 46. Nxa4 b5 47. Nc5
c3 48. e5 fxe5 49. f5 dxc5 50. f6+ Kd6 51. f7 b4 52. f8=Q+ Kxd5 53. Qf3+ e4 54.
Qf7+ Kd4 55. Qf6+ Kd3 56. Qf1+ Kc2 57. Qc4 b3 58. Kf5 Kb2 59. Qxc5 c2 60. Qd4+
Kb1 61. Qxe4 b2 62. Kf4 a4 63. Ke3 a3 64. Kd2 Ka1 65. Qxc2 b1=Q 66. Kd3 Qb2 67.
Kd2 1/2-1/2